[Event "CZE-ch U10 Girls"]
[Site "Kouty nad Desnou"]
[Date "2011.03.19"]
[Round "9"]
[White "Smirova, Veronika"]
[Black "Ambrozova, Lucie"]
[Result "1-0"]
[WhiteElo "1250"]
[BlackElo "1250"]
[PlyCount "121"]
[EventDate "2011.03.12"]
[EventType "swiss"]
[EventRounds "9"]
[EventCountry "CZE"]
[SourceTitle "EXT 2014"]
[Source "ChessBase"]
[SourceDate "2013.11.20"]
[SourceVersion "1"]
[SourceVersionDate "2013.11.20"]
[SourceQuality "1"]

1. Nf3 d5 2. d4 Nc6 3. Nc3 Nf6 4. b3 Bf5 5. Bd2 e6 6. h3 Bd6 7. Bg5 0-0 8. e3 Re8 9. Bb5 a6 10. Bd3 h6 11. Bh4 Rb8 12. e4 dxe4 13. Nxe4 Bxe4 14. Bxe4 Be7 15. Bd3 Nd5 16. Bxe7 Ncxe7 17. Qe2 Nf5 18. Qe5 Nf6 19. Qe2 Nd5 20. 0-0 Nf4 21. Qd2 Ng6 22. c3 e5 23. Bxf5 e4 24. Nh2 Nh4 25. Bg4 Qf6 26. Qe3 Rbd8 27. Rab1 Rd5 28. Nf3 Red8 29. Nxh4 Qxh4 30. Rfe1 Rg5 31. Qg3 Qxg3 32. fxg3 Re8 33. Re2 Kf8 34. Rbe1 h5 35. Bf3 Rxg3 36. Bxh5 e3 37. Rf1 g6 38. Bf3 b6 39. Rfe1 c5 40. dxc5 bxc5 41. Rxe3 Rxe3 42. Rxe3 Rg5 43. b4 f6 44. g4 f5 45. Re5 Kf7 46. Rxc5 Ke6 47. a4 Kf6 48. b5 axb5 49. axb5 fxg4 50. Rxg5 Kxg5 51. hxg4 Kf4 52. Bd1 Ke5 53. b6 Kd6 54. Bf3 Kd7 55. b7 Kc7 56. c4 g5 57. c5 Kb8 58. Kf2 Kc7 59. Ke3 Kb8 60. Kd4 Kc7 61. Ke5 1-0

[Event "CZE-ch U10 Girls"]
[Site "Kouty nad Desnou"]
[Date "2011.03.17"]
[Round "7"]
[White "Drastichova, Anezka"]
[Black "Smirova, Veronika"]
[Result "1-0"]
[WhiteElo "1250"]
[BlackElo "1250"]
[PlyCount "107"]
[EventDate "2011.03.12"]
[EventType "swiss"]
[EventRounds "9"]
[EventCountry "CZE"]
[SourceTitle "EXT 2014"]
[Source "ChessBase"]
[SourceDate "2013.11.20"]
[SourceVersion "1"]
[SourceVersionDate "2013.11.20"]
[SourceQuality "1"]

1. d4 d5 2. e3 Bd7 3. Bd3 h6 4. Nf3 Nf6 5. c4 Nc6 6. Nc3 e6 7. Bd2 Bd6 8. e4 Nb4 9. Bb1 dxc4 10. e5 Be7 11. exf6 Bxf6 12. Ne4 Be7 13. Ne5 Bf6 14. Nxd7 Bxd4 15. Bc3 Bxc3+ 16. bxc3 Nd5 17. Ne5 Qh4 18. Qa4+ c6 19. Qxc4 Ne3 20. Nd6+ Kf8 21. Qxh4 Nxg2+ 22. Kf1 Nxh4 23. Nxb7 Rb8 24. Nd6 Ke7 25. Nxc6+ Kxd6 26. Nxb8 Rxb8 27. Rg1 Nf3 28. Rxg7 Nd2+ 29. Ke2 Nxb1 30. Kd3 Na3 31. Rxf7 Kd5 32. Rxa7 Ke5 33. Ke2 Nb5 34. Ra5 Rc8 35. Rxb5+ Kf6 36. a4 Rxc3 37. Kf1 Rh3 38. a5 Rxh2 39. Kg1 Rh4 40. a6 Rg4+ 41. Kf1 Rg6 42. a7 Rg8 43. a8Q Rxa8 44. Rxa8 Kg6 45. Rb6 Kf6 46. Raa6 Kf5 47. Rxe6 Kg5 48. Rxh6 Kf5 49. Ra4 Ke5 50. Rh5+ Kf6 51. Ra6+ Kg7 52. Rb5 Kf7 53. Rb7+ Ke8 54. Ra8# 1-0

[Event "CZE-ch U10 Girls"]
[Site "Kouty nad Desnou"]
[Date "2011.03.13"]
[Round "2"]
[White "Smirova, Veronika"]
[Black "Malkova, Adriana"]
[Result "1-0"]
[WhiteElo "1250"]
[BlackElo "1100"]
[PlyCount "31"]
[EventDate "2011.03.12"]
[EventType "swiss"]
[EventRounds "9"]
[EventCountry "CZE"]
[SourceTitle "EXT 2014"]
[Source "ChessBase"]
[SourceDate "2013.11.20"]
[SourceVersion "1"]
[SourceVersionDate "2013.11.20"]
[SourceQuality "1"]

1. e4 c5 2. Nf3 Nc6 3. Bc4 e6 4. d3 Nf6 5. Be3 Be7 6. Nc3 0-0 7. 0-0 Bd6 8. Bg5 h6 9. Be3 Bb8 10. Bxc5 Re8 11. Be3 d6 12. Bb5 Bd7 13. Qd2 Qc7 14. Bf4 d5 15. Bxc7 Bxc7 16. exd5 1-0

[Event "CZE-ch U10 Girls"]
[Site "Kouty nad Desnou"]
[Date "2010.03.11"]
[Round "7"]
[White "Smirova, Veronika"]
[Black "Korenova, Magdalena"]
[Result "0-1"]
[WhiteElo "1000"]
[BlackElo "1250"]
[PlyCount "96"]
[EventDate "2010.03.06"]
[EventType "swiss"]
[EventRounds "9"]
[EventCountry "CZE"]
[SourceTitle "EXT 2012"]
[Source "ChessBase"]
[SourceDate "2011.11.24"]
[SourceVersion "1"]
[SourceVersionDate "2011.11.24"]
[SourceQuality "1"]

1. e4 d5 2. Bd3 Nc6 3. Nc3 d4 4. Nce2 e5 5. Nf3 Be6 6. 0-0 Qd7 7. h3 0-0-0 8. Bb5 a6 9. Ba4 Bc5 10. d3 Nf6 11. Bg5 h6 12. Bd2 Rhe8 13. b4 Ba7 14. Re1 Qd6 15. Qb1 b5 16. Bb3 Bxb3 17. Qxb3 Re6 18. Nh4 g6 19. Rab1 Bb6 20. Bxh6 Rh8 21. Bg5 Rh5 22. Nf3 a5 23. a3 a4 24. Qb2 Nh7 25. Bd2 g5 26. Ng3 Rhh6 27. Nf5 Qf8 28. Nxh6 Qxh6 29. Qc1 f6 30. Qb2 Qg6 31. Qa2 f5 32. exf5 Qxf5 33. Nxg5 Nxg5 34. Bxg5 Re8 35. Bd2 Qg6 36. g3 Rf8 37. Qd5 Qf6 38. Rf1 Rd8 39. Qxb5 Rh8 40. Kh2 Qf5 41. h4 Qf3 42. Qxa4 Kb7 43. b5 Nb8 44. Rbe1 e4 45. Rxe4 c6 46. Re7+ Bc7 47. Ba5 Rxh4+ 48. Kg1 Rh1# 0-1

[Event "CZE-ch U10 Girls"]
[Site "Kouty nad Desnou"]
[Date "2010.03.08"]
[Round "4"]
[White "Koucha, Maryam Amina"]
[Black "Smirova, Veronika"]
[Result "1/2-1/2"]
[WhiteElo "1100"]
[BlackElo "1000"]
[PlyCount "95"]
[EventDate "2010.03.06"]
[EventType "swiss"]
[EventRounds "9"]
[EventCountry "CZE"]
[SourceTitle "EXT 2012"]
[Source "ChessBase"]
[SourceDate "2011.11.24"]
[SourceVersion "1"]
[SourceVersionDate "2011.11.24"]
[SourceQuality "1"]

1. e4 e5 2. Nf3 Nc6 3. Bc4 Qe7 4. 0-0 d6 5. h3 Be6 6. d3 0-0-0 7. Nc3 Nf6 8. Bxe6+ fxe6 9. Bg5 h6 10. Be3 d5 11. Qe2 d4 12. Bd2 dxc3 13. Bxc3 Qd6 14. Rad1 Qc5 15. a4 Nh5 16. Rfe1 Nf4 17. Qd2 Ng6 18. b4 Nxb4 19. Bxb4 Qxb4 20. Qe3 Qxa4 21. Ra1 Qc6 22. Qxa7 Kd7 23. h4 h5 24. Red1 Bc5 25. Qa2 b6 26. c3 Ra8 27. Qc2 Rxa1 28. Rxa1 Ra8 29. Rd1 Qa4 30. Qe2 Qa2 31. Rd2 Qa1+ 32. Ne1 Rf8 33. d4 exd4 34. Qd1 Qxd1 35. Rxd1 Kc8 36. cxd4 Rd8 37. d5 e5 38. g3 Rf8 39. Nd3 Bd4 40. Rc1 Kb8 41. Kg2 c5 42. d6 Rd8 43. Kh3 Rxd6 44. g4 hxg4+ 45. Kxg4 Rf6 46. h5 Nf4 47. Ne1 Rh6 48. Nf3 1/2-1/2